000
00266nam a2200109Ia 4500
005
20251222120856.0
008
251222s1900||||xx |||||||||||||| ||spa||
082
_a
DVD0080/G43/1995
245
0
_a
Corazón valiente:Braveheart
264
_b
20th Century Fox
942
_c
DVD
999
_c
2411
_d
2411